| 000 | 01720nam a2200505 i 4500 | ||
|---|---|---|---|
| 001 | 5515 | ||
| 003 | KOSZ 005 | ||
| 005 | 20210301122241.0 | ||
| 008 | 970510s1992 pl a f f |001 0 pol | ||
| 015 | _aPB 1993/2157 | ||
| 020 | _a8320415225 | ||
| 035 | _a(OCoLC)749652800 | ||
| 040 |
_aWA N _cWA N _dKOSZ 005/HR |
||
| 041 | 0 |
_apol _beng _brus |
|
| 046 | _k1992 | ||
| 080 | _a62-55 | ||
| 080 | _a681.5 | ||
| 080 | _a(075.8) | ||
| 100 | 1 |
_aTrybus, Leszek _d(1946- ) _eAutor |
|
| 245 | 1 | 0 |
_aRegulatory wielofunkcyjne / _cLeszek Trybus. |
| 246 | 3 | 1 | _aMultifunction controllers. |
| 246 | 3 | 1 | _aMnogofunkcional'nye reguljatory. |
| 260 |
_aWarszawa : _bWydawnictwa Naukowo-Techniczne, _c1992. |
||
| 300 |
_a323, [1] s. : _brys., wykr. ; _c24 cm. |
||
| 336 |
_2rdacontent _aTekst _btxt |
||
| 337 |
_2rdamedia _aBez urządzenia pośredniczącego _bn |
||
| 338 |
_2rdacarrier _aWolumin _bnc |
||
| 380 | _aKsiążki | ||
| 380 | _aPublikacje dydaktyczne | ||
| 385 |
_mPoziom nauczania _aSzkoły wyższe |
||
| 388 | _a1901-2000 | ||
| 388 | _a1989-2000 | ||
| 490 | 1 | _aUkłady i Systemy Elektroniczne. | |
| 500 | _aTyt. równol. : Multifunction controllers = Mnogofunkcional'nye reguljatory. | ||
| 504 | _aBibliogr. s. 317-318. - Indeks. | ||
| 546 | _aStreszczenie w języku rosyjskim i angielskim. | ||
| 658 | _aInżynieria i technika | ||
| 655 | 4 | _aPodręczniki akademickie | |
| 650 | 4 | _aMikroprocesor | |
| 650 | 4 | _aRegulatory | |
| 710 | 2 |
_aWydawnictwa Naukowo-Techniczne _4pbl. |
|
| 856 |
_uhttp://koha.tu.koszalin.pl/cgi-bin/koha/opac-detail.pl?biblionumber=5515 _yKatalog online BPK |
||
| 830 | 0 | _aUkłady i Systemy Elektroniczne | |
| 942 |
_2UKD _cKS |
||
| 999 |
_c5515 _d5515 |
||